000 00217nam a22001097a 4500
041 _aENG
245 _aSalution to Chess Magic
260 _aDelhi
_bW.R Goyal
_c1998
300 _a439
650 _aGAE
856 _uGAE
999 _c3177
_d3177